Signals and systems / (Record no. 18951)
[ view plain ]
| 000 -LEADER | |
|---|---|
| fixed length control field | 00936cam a22002775a 4500 |
| 001 - CONTROL NUMBER | |
| control field | 16218037 |
| 005 - DATE AND TIME OF LATEST TRANSACTION | |
| control field | 20160302153210.0 |
| 008 - FIXED-LENGTH DATA ELEMENTS--GENERAL INFORMATION | |
| fixed length control field | 100505t2011 nyudk fr 001 0 eng d |
| 010 ## - LIBRARY OF CONGRESS CONTROL NUMBER | |
| LC control number | 2010016679 |
| 020 ## - INTERNATIONAL STANDARD BOOK NUMBER | |
| International Standard Book Number | 007163472X (alk. paper) |
| 040 ## - CATALOGING SOURCE | |
| Original cataloging agency | DLC |
| Transcribing agency | DLC |
| Modifying agency | EG-ScBUE |
| 082 04 - DEWEY DECIMAL CLASSIFICATION NUMBER | |
| Classification number | 621.38223 |
| Item number | HSU |
| Edition number | 22 |
| 100 1# - MAIN ENTRY--PERSONAL NAME | |
| Personal name | Hsu, Hwei P. |
| Fuller form of name | (Hwei Piao), |
| Dates associated with a name | 1930- |
| 9 (RLIN) | 5932 |
| 245 10 - TITLE STATEMENT | |
| Title | Signals and systems / |
| Statement of responsibility, etc | Hwei P. Hsu. |
| 246 30 - VARYING FORM OF TITLE | |
| Title proper/short title | Schaum's outline signals and systems |
| 250 ## - EDITION STATEMENT | |
| Edition statement | 2nd ed. |
| 260 ## - PUBLICATION, DISTRIBUTION, ETC. (IMPRINT) | |
| Place of publication, distribution, etc | New York : |
| Name of publisher, distributor, etc | McGraw-Hill, |
| Date of publication, distribution, etc | c.2011. |
| 300 ## - PHYSICAL DESCRIPTION | |
| Extent | viii, 496 p. : |
| Other physical details | charts, forms ; |
| Dimensions | 28 cm. |
| 490 0# - Series Statement | |
| Series statement | Schaum's outline |
| 500 ## - GENERAL NOTE | |
| General note | Includes index. |
| 500 ## - GENERAL NOTE | |
| General note | Rev. ed. of: Schaum's outline of theory and problems of signals and systems. c1995. |
| 650 #0 - SUBJECT ADDED ENTRY--TOPICAL TERM | |
| Topical term or geographic name as entry element | Signal theory (Telecommunication) |
| Form subdivision | Problems, exercises, etc. |
| 9 (RLIN) | 37358 |
| Source of heading or term | BUEsh |
| 651 ## - SUBJECT ADDED ENTRY--GEOGRAPHIC NAME | |
| Source of heading or term | BUEsh |
| 653 ## - INDEX TERM--UNCONTROLLED | |
| Resource For college | Engineering, Electrical |
| Arrived date list | February2015 |
| 942 ## - ADDED ENTRY ELEMENTS (KOHA) | |
| Source of classification or shelving scheme | Dewey Decimal Classification |
| Call number prefix | 621.38223 HSU |
| Withdrawn status | Item status | Source of classification or shelving scheme | Damaged status | Not for loan | Vendor | Home library | Current library | Shelving location | Date acquired | Source of acquisition | Total Checkouts | Total Renewals | Full call number | Barcode | Date last seen | Date last borrowed | Koha item type |
|---|---|---|---|---|---|---|---|---|---|---|---|---|---|---|---|---|---|
| Dewey Decimal Classification | Baccah | Central Library | Central Library | First floor | 09/02/2015 | 10 | 25 | 621.38223 HSU | 000037380 | 15/07/2025 | 26/05/2019 | Book - Borrowing | |||||
| Dewey Decimal Classification | Baccah | Central Library | Central Library | First floor | 09/02/2015 | 3 | 34 | 621.38223 HSU | 000037381 | 15/07/2025 | 22/02/2016 | Book - Borrowing |